000 00750nam a22002417a 4500
003 KOHA_MİRAKIL
005 20260414082304.0
008 260414b tu ||||| |||| 00| 0 tur d
020 _a9786057864857
040 _aTR-AnABB
_btur
_cTR-AnABB
041 _atur
082 _a956.1023
_bATA 2020
100 _aAtatürk, Mustafa Kemal,
_d1881-1938
245 1 0 _aNutuk /
_cGazi Mustafa Kemal
246 _aHatıralarla, karşılaştırmalı
250 _a1. baskı
260 _aİstanbul :
_bİstanbul Büyükşehir Belediyesi ,
_c2020
300 _a1297 sayfa :
_bfotoğraf ;
_c30 cm
500 _aDizin vardır.
650 0 4 _aTarih, Kurtuluş Savaşı
650 0 4 _aTarih
_xKurtuluş Savaşı
_zTürkiye
942 _2ddc
_cBK
999 _c10223
_d10223
900 _bCan ÇELIK